| 000 | 00404nam a2200169 4500 | ||
|---|---|---|---|
| 003 | SEACOMEC | ||
| 005 | 20260421133009.0 | ||
| 008 | 260421b |||||||| |||| 00| 0 eng d | ||
| 040 | _aSEACOMEC | ||
| 082 |
_a510.02462 _bP153 |
||
| 100 | _aPal, B.K | ||
| 245 |
_aEngineering Mathematics _cB.K Pal and K Das |
||
| 260 |
_aKolkata _bU.N Dhur & Sons _c2012 |
||
| 300 | _aIV | ||
| 650 | _aMath | ||
| 942 | _cGBK | ||
| 999 |
_c2677 _d2677 |
||